00605nam a22001697a 4500003000400000020001800004082001800022100001700040245001400057260004500071300000800116650002400124942001200148952013200160952012600292999001700418SGT a9789387210325 a617.645bC18N aNewburn, E.  aCariology bMedtech, Scientific International c2018 a389 aPediatric Dentistry 2ddccBK 00102ddc405171aFDbFDcREFd2024-08-22g1995.00iSGTUl0o617.645 C18NpFD9449r2024-08-22 00:00:00w0000-00-00yBKk19153 00102ddc4070aFDbFDcTXTd2024-08-22g1995.00iSGTUo617.645 C18NpFD9450r2024-08-22 00:00:00w0000-00-00yBKk19153 c26811d26811